Buddhalaiset valtiot - Statistics

Yleistilastot
  • Tätä visaa on pelattu 1 126 kertaa
  • Keskiarvotulos 11 / 14
Vastaustilastot
% Buddhalaisia Valtio % Oikein
18,2 Kiina
96%
93,2 Thaimaa
93%
36,2 Japani
91%
16,4 Vietnam
90%
66,0 Laos
89%
80,1 Myanmar
83%
96,9 Kambodža
80%
17,7 Malesia
78%
74,7 Bhutan
77%
22,9 Etelä-Korea
77%
21,3 Taiwan
74%
55,1 Mongolia
73%
33,9 Singapore
73%
69,3 Sri Lanka
66%
Ehtoja vastaavia visoja ei löytynyt
Tulosjakauma
Jokaisen tuloksen saaneiden osuus
Persentiili vastausten määrän mukaan
Tuloshistoriasi
Et ole pelannut tätä visaa